| 000 | 00672nam a2200193 i 4500 | ||
|---|---|---|---|
| 001 | 000028397 | ||
| 003 | DO-SdBNP | ||
| 005 | 20250130100429.0 | ||
| 007 | ta | ||
| 008 | 100308s198? dr 000 0 spa d | ||
| 040 |
_aDO-SdBNP _bspa _cBNPHU |
||
| 049 | _aBNPD | ||
| 082 | 4 |
_axxx _bR337i _222 |
|
| 110 | 1 |
_aRepública Dominicana. _bSecretaría de Estado de Educación, Bellas Artes y Cultos _923965 |
|
| 245 | 1 | 0 | _aReglamento de ajedrez |
| 264 | 1 |
_aSanto Domingo : _bSecretaría de Estado de Educación, Bellas Artes y Cultos: _bDirección General de Educación Física Escolar, _c[198?]. |
|
| 300 |
_a16 páginas : _bilustraciones; retratos ; _c22 cm. |
||
| 942 |
_2ddc _cLBS1 |
||
| 999 |
_c27889 _d27889 |
||